|
|
|
|
| LEADER |
01108nam a2200313 a 4500 |
| 001 |
000063392 |
| 003 |
CZ BrMZK |
| 005 |
19960313143423.0 |
| 007 |
ta |
| 008 |
950313s1994 ru f rus d |
| 020 |
|
|
|a 5-87224-054-6
|
| 040 |
|
|
|a BOA001
|b cze
|
| 041 |
1 |
|
|a rus
|h eng
|
| 080 |
|
|
|a 929 Kafka, Franz
|2 MRF
|
| 080 |
|
|
|a 830(437)"19":92 Kafka, Franz
|2 MRF
|
| 100 |
1 |
|
|a Sharp, Daryl,
|d 1936-
|7 xx0011951
|4 aut
|
| 245 |
1 |
0 |
|a Nezrimyj voron :
|b Konflikt i Transformacija v žizni Franca Kafki /
|c Darel Šarp.
|
| 260 |
|
|
|a Voronež :
|b NPO "MODEK",
|c 1994
|
| 300 |
|
|
|a 127 s. :
|b ilustr.
|
| 490 |
1 |
|
|a Biblioteka analitičeskoj psichologii
|
| 500 |
|
|
|a Náz. též angl. - Bibliogr.
|
| 541 |
|
|
|a Voronež, Biblioteka universiteta
|
| 653 |
0 |
|
|a Kafka, Franz 1883-1924
|a pražští němečtí spisovatelé
|
| 765 |
0 |
|
|t <<The >>Secret Raven
|
| 830 |
|
0 |
|a Biblioteka analitičeskoj psichologii
|
| 910 |
|
|
|a BOA001
|b 2-1018.744
|
| 964 |
|
|
|a Kafka
|b Franz
|f 1883-1924
|x život
|x dílo
|
| 990 |
|
|
|a BK
|
| 996 |
7 |
|
|b 2610034312
|c 2-1018.744
|l MZK
|r Sklad / do 1 hodiny
|n 0
|p vým
|w 000063392
|u 000010
|a 1
|e BOA001
|j MZK50
|s A
|